Normal view
MARC view
Entry Topical Term
001 - CONTROL NUMBER
- control field: 13710
003 - CONTROL NUMBER IDENTIFIER
- control field: BD-RjUL
005 - DATE AND TIME OF LATEST TRANSACTION
- control field: 20241003153401.0
008 - FIXED-LENGTH DATA ELEMENTS
- fixed length control field: 241003|| aca||aabn | a|a d
040 ## - CATALOGING SOURCE
- Original cataloging agency: BD-RjUL
- Transcribing agency: BD-RjUL
150 ## - HEADING--TOPICAL TERM
- Topical term or geographic name entry element: Quantum electronics
670 ## - SOURCE DATA FOUND
- Source citation: Work cat.: (BD-RjUL)84076: Nussbaum, Allen. 13706, Electronic and magnetic behavior of materials /, 1967